| 000 | 00434nam a2200157Ia 4500 | ||
|---|---|---|---|
| 005 | 20250326130747.0 | ||
| 008 | 250326s9999 xx 000 0 und d | ||
| 037 | _aTextbook | ||
| 040 |
_aFMSL _beng _cFMSL |
||
| 041 |
_aeng _2eng |
||
| 084 |
_aX:8.56 P9 _qFMSL |
||
| 100 | _aCoopey R | ||
| 245 | 0 |
_aBusiness in britian in the twentieth century _cCoopey R; Lyth P |
|
| 942 |
_cTB _hX:8.56 P9 |
||
| 999 |
_c1283973 _d1283973 |
||